000 00264nam a22001217a 4500
008 181018b xxu||||| |||| 00| 0 eng d
041 _aeng
080 _212 ED
_a330
100 _a60
101 _aKON
245 _aAccouting Principles
_cFes,N
942 _2udc
_cBK
999 _c50093
_d50093